000 00950nac a22002777a 4500
001 BR8206613
003 BR-BrBNA
005 20240105115544.0
008 230509b bl.|||m| |||| 00| 0 por d
040 _aBR-BrBNA
_bpor
_cBiblioteca Nacional de Agricultura
072 _aE70
090 _aE70 BR8206613
110 1 _aCompanhia Estadual de Silos e Armazens, Porto Alegre, RS (Brasil)
_92437
245 1 _aUnidades armazenadoras no Estado, 1981 [Rio Grande do Sul, Brasil, comercializacao, armazenamento, silo, armazem]
260 3 _aPorto Alegre, RS (Brasil):
_c1982.
300 _a379 p.
490 _aUnidades Armazenadoras no Estado - Companhia Estadual de Silos e Armazens (Brazil)
_vno. 9
_x
500 _aNumerical data
650 _aCOMERCIALIZACAO
650 _aARMAZENAMENTO
650 _aSILO
650 _aARMAZEM
650 _aRIO GRANDE DO SUL
909 _a202312
_bLúcia Elande
_c55
_dLúcia Elande
942 _2AGRIS
_n0
_cMS
999 _c275300
_d275300